ბათუმის შოთა რუსთაველის სახელმწიფო უნივერსიტეტის ბიბლიოთეკა

ინტერნეტ–მარკეტინგი=Internet-Marketing (ბიბ.ჩანაწერი № 42773)

000 -LEADER
fixed length control field 00906nam a2200265Ia 4500
001 - CONTROL NUMBER
control field 9479
003 - CONTROL NUMBER IDENTIFIER
control field GE_BSU
008 - FIXED-LENGTH DATA ELEMENTS--GENERAL INFORMATION
fixed length control field 181216s||||||||xx |||||||||||||| ||und||
020 ## - INTERNATIONAL STANDARD BOOK NUMBER
International Standard Book Number 9789941172168
040 ## - CATALOGING SOURCE
Transcribing agency GE_BSU
080 ## - UNIVERSAL DECIMAL CLASSIFICATION NUMBER
Universal Decimal Classification number 004.738.5:339.138(075.8)
100 ## - MAIN ENTRY--PERSONAL NAME
Personal name თოდუა,ნუგზარ
245 ## - TITLE STATEMENT
Title ინტერნეტ–მარკეტინგი=Internet-Marketing
245 ## - TITLE STATEMENT
Remainder of title სახელმძღვანელო
245 ## - TITLE STATEMENT
Statement of responsibility, etc. რედ.ჩარიტა ჯაში
260 ## - PUBLICATION, DISTRIBUTION, ETC.
Place of publication, distribution, etc. თბილისი
260 ## - PUBLICATION, DISTRIBUTION, ETC.
Name of publisher, distributor, etc. უნივერსალი
260 ## - PUBLICATION, DISTRIBUTION, ETC.
Date of publication, distribution, etc. 2011
300 ## - PHYSICAL DESCRIPTION
Extent 320გვ .ცხრ.21სმ.
300 ## - PHYSICAL DESCRIPTION
Accompanying material ბიბლიოგრ. გვ.305-319
520 ## - SUMMARY, ETC.
Summary, etc. პარალ.თავფ. ინგლ.ენაზე
653 ## - INDEX TERM--UNCONTROLLED
Uncontrolled term ინტერნეტ–მარკეტინგი
942 ## - ADDED ENTRY ELEMENTS (KOHA)
Koha item type წიგნი
ეგზემპლარები
Withdrawn status Lost status Damaged status Not for loan Date acquired Barcode Date last seen Price effective from Koha item type
        2018-12-17 32590 2018-12-17 2018-12-17 წიგნი
        2018-12-17 32591 2018-12-17 2018-12-17 წიგნი
        2018-12-17 32592 2018-12-17 2018-12-17 წიგნი
        2018-12-17 32593 2018-12-17 2018-12-17 წიგნი
        2018-12-17 32594 2018-12-17 2018-12-17 წიგნი